Crashes vs. Congestion What's the Cost to Society / (Record no. 2261)

000 -LEADER
fixed length control field 00312 a2200097 4500
082 ## - DEWEY DECIMAL CLASSIFICATION NUMBER
Classification number 363.125 MEY
100 ## - MAIN ENTRY--PERSONAL NAME
Personal name Meyer, Michael D.
245 ## - TITLE STATEMENT
Title Crashes vs. Congestion What's the Cost to Society /
Statement of responsibility, etc. Michael D. Meyer
260 ## - PUBLICATION, DISTRIBUTION, ETC.
Place of publication, distribution, etc. Maryland :
Name of publisher, distributor, etc. Cambridge Systematics,
Date of publication, distribution, etc. 2008
300 ## - PHYSICAL DESCRIPTION
Extent various Pages
Other physical details ill. ;
Dimensions 30 cm
650 ## - SUBJECT ADDED ENTRY--TOPICAL TERM
Topical term or geographic name entry element Crashes --- Society
Holdings
Withdrawn status Lost status Damaged status Not for loan Permanent Location Current Location Shelving location Date acquired Total Checkouts Full call number Barcode Date last seen Price effective from Koha item type
        School of Civil and Environmental Engineering (SCEE) School of Civil and Environmental Engineering (SCEE)       363.125 MEY NIT-3918 01/05/2017 01/05/2017 Book
© 2023 Central Library, National University of Sciences and Technology. All Rights Reserved.